000 00312nam a2200133 i 4500
001 bg
100 1 _aHueckel, Stanisław
_d(1911-1980).
245 0 _aBudowle morskie /
_cSt. Hueckel.
260 _aGdańsk,
_c1975.
040 _cBPK
041 _apol
942 _cKS
008 s pl f |000 0 pol
999 _c18610
_d18610
856 _uhttp://koha.tu.koszalin.pl/cgi-bin/koha/opac-detail.pl?biblionumber=18610
_yKatalog online BPK